[Event "Madrid Alcorcon op 1st"]
[Site "Madrid"]
[Date "2022.12.26"]
[Round "1"]
[White "Borisova Douchkova, Vanesa"]
[Black "Lopez Mijail, Nicolas"]
[Result "0-1"]
[WhiteElo "1541"]
[BlackElo "2179"]
[PlyCount "94"]
[EventDate "2022.12.26"]
[EventType "swiss"]
[EventRounds "9"]
[EventCountry "ESP"]
[SourceTitle "CBM 212 Extra"]
[Source "ChessBase"]
[SourceDate "2023.03.31"]
[SourceVersion "1"]
[SourceVersionDate "2023.03.31"]
[SourceQuality "1"]

1. d4 Nf6 2. Bf4 d5 3. e3 e6 4. c3 Bd6 5. Bg3 0-0 6. Nf3 b6 7. Bd3 c5 8. Nbd2 Nc6 9. 0-0 Bxg3 10. hxg3 Bb7 11. Ne5 Nxe5 12. dxe5 Nd7 13. f4 Qe7 14. c4 Rfd8 15. Qe2 f6 16. exf6 Qxf6 17. Rab1 Rf8 18. e4 Qd4+ 19. Rf2 dxe4 20. Bxe4 Bxe4 21. Nxe4 Nf6 22. Nxf6+ Qxf6 23. Re1 Rfe8 24. b3 Rad8 25. Rd1 Rd4 26. Rf3 e5 27. fxe5 Qxe5 28. Qf1 h6 29. Rfd3 Rf8 30. Rf3 Rxf3 31. Qxf3 Rxd1+ 32. Qxd1 Qxg3 33. Qd5+ Kh7 34. Qf5+ Qg6 35. Qf2 Qf6 36. Qc2+ Kg8 37. Qe2 Kf7 38. Qh5+ Ke7 39. Qe2+ Kd6 40. Kh1 Qa1+ 41. Kh2 Qe5+ 42. Qxe5+ Kxe5 43. Kg3 g6 44. Kf3 h5 45. Ke3 g5 46. a3 a5 47. a4 h4 0-1

[Event "Madrid Alcorcon op 1st"]
[Site "Madrid"]
[Date "2022.12.26"]
[Round "2"]
[White "Lopez Mijail, Nicolas"]
[Black "Vinas Blasco, Jorge"]
[Result "1-0"]
[WhiteElo "2179"]
[BlackElo "1835"]
[PlyCount "73"]
[EventDate "2022.12.26"]
[EventType "swiss"]
[EventRounds "9"]
[EventCountry "ESP"]
[SourceTitle "CBM 212 Extra"]
[Source "ChessBase"]
[SourceDate "2023.03.31"]
[SourceVersion "1"]
[SourceVersionDate "2023.03.31"]
[SourceQuality "1"]

1. e4 e6 2. d4 d5 3. Nc3 Nf6 4. e5 Nfd7 5. f4 c5 6. Nf3 Nc6 7. Be3 Be7 8. Qd2 0-0 9. dxc5 Bxc5 10. 0-0-0 Qa5 11. Bxc5 Nxc5 12. Qe3 Rd8 13. Kb1 Bd7 14. f5 Ne4 15. Nxe4 dxe4 16. f6 gxf6 17. exf6 Qf5 18. Ng5 Qxf6 19. Nxe4 Qe5 20. Qh6 Be8 21. Bd3 Qg7 22. Nf6+ Kh8 23. Qh4 h6 24. Rhf1 Qg5 25. Qxg5 hxg5 26. Nxe8 Rxe8 27. Rxf7 Re7 28. Rxe7 Nxe7 29. Re1 Nd5 30. Rxe6 Nf4 31. Re5 Nxg2 32. Rxg5 Re8 33. a3 Re1+ 34. Ka2 Nf4 35. Rf5 Nxd3 36. cxd3 Rd1 37. Rf7 1-0

[Event "Collado Villalba Grupo Gallinero op 1st"]
[Site "Collado Villalba"]
[Date "2022.08.14"]
[Round "5"]
[White "Vara Del Bosque, Daniel"]
[Black "Lopez Mijail, Nicolas"]
[Result "1-0"]
[WhiteElo "1684"]
[BlackElo "2142"]
[PlyCount "215"]
[EventDate "2022.08.12"]
[EventType "swiss"]
[EventRounds "9"]
[EventCountry "ESP"]
[SourceTitle "CBM 210 Extra"]
[Source "ChessBase"]
[SourceDate "2022.11.30"]
[SourceVersion "1"]
[SourceVersionDate "2022.11.30"]
[SourceQuality "1"]

1. e4 c5 2. Nf3 d6 3. d4 cxd4 4. Nxd4 Nf6 5. f3 e5 6. Nb3 a5 7. a4 Nc6 8. Bg5 Be7 9. Bb5 0-0 10. 0-0 Be6 11. c4 Rc8 12. Nc3 Na7 13. Bxf6 Bxf6 14. Nd5 Nxb5 15. cxb5 Bxd5 16. Qxd5 Qb6+ 17. Kh1 Rc2 18. Nd2 Rfc8 19. b3 R8c5 20. Qd3 R5c3 21. Qd5 Rc5 22. Qd3 R5c3 23. Qd5 Qd4 24. Qxd4 exd4 25. Nc4 Rxb3 26. Nxa5 Rbc3 27. h4 d3 28. Rad1 d2 29. Nxb7 Bd4 30. Nxd6 Rc1 31. Kh2 Be5+ 32. Kh3 Bxd6 33. Rxd2 Rxf1 34. Rxd6 Kf8 35. a5 Rb1 36. b6 Ke7 37. Rd5 Rc8 38. f4 f6 39. Kg4 Rc4 40. e5 Rb3 41. h5 Rcb4 42. h6 gxh6 43. exf6+ Kf7 44. Rd7+ Kxf6 45. Rd6+ Kg7 46. Rd7+ Kf6 47. Rd6+ Kf7 48. Rxh6 Kg7 49. Rd6 Rb5 50. Rd7+ Kf6 51. Ra7 h6 52. Kh4 Rb1 53. Kg4 h5+ 54. Kf3 R1b4 55. Kg3 Kg6 56. Kf3 Kf5 57. Rf7+ Ke6 58. Ra7 Kd6 59. Kg3 Ra4 60. b7 Kc7 61. a6 Rb6 62. Ra8 Raxa6 63. b8Q+ Rxb8 64. Rxa6 Rg8+ 65. Kh3 h4 66. Ra2 Rf8 67. Rf2 Rh8 68. Re2 Kd6 69. Kg4 Kd7 70. Re5 Kd6 71. Re3 Rg8+ 72. Kh3 Rh8 73. Re5 Rf8 74. Kg4 Rh8 75. Rg5 Ke6 76. Kh3 Kf6 77. Rg4 Kf5 78. Rxh4 Ra8 79. g3 Kg6 80. Kg4 Ra4 81. Rh5 Ra3 82. Rb5 Ra6 83. Kh4 Ra1 84. Re5 Rb1 85. g4 Rh1+ 86. Kg3 Rg1+ 87. Kf3 Rf1+ 88. Ke3 Rg1 89. g5 Re1+ 90. Kd4 Rd1+ 91. Ke4 Re1+ 92. Kd5 Rf1 93. Re6+ Kg7 94. Ke5 Kf7 95. Ra6 Re1+ 96. Kf5 Re7 97. g6+ Kg7 98. Kg5 Rb7 99. f5 Rb5 100. Re6 Ra5 101. Re7+ Kg8 102. Kf6 Ra8 103. Kg5 Ra5 104. Rf7 Ra1 105. Rd7 Ra5 106. Kh6 Ra8 107. f6 Kh8 108. g7+ 1-0

[Event "ESP-chT CECLUB Div2"]
[Site "Linares"]
[Date "2021.08.11"]
[Round "4.6"]
[White "Lopez Mijail, Nicolas"]
[Black "Salgado Allaria, Carlos Fernando"]
[Result "1-0"]
[WhiteElo "2103"]
[BlackElo "2288"]
[PlyCount "72"]
[EventDate "2021.08.09"]
[EventType "team-swiss"]
[EventRounds "7"]
[EventCountry "ESP"]
[SourceTitle "CBM 203 Extra"]
[Source "ChessBase"]
[SourceDate "2021.09.30"]
[SourceVersion "1"]
[SourceVersionDate "2021.09.30"]
[SourceQuality "1"]
[WhiteTeam "Jaque Mate"]
[BlackTeam "Platja D'Aro"]
[WhiteTeamCountry "ESP"]
[BlackTeamCountry "ESP"]

1. e4 e5 2. Nf3 Nf6 3. Nxe5 d6 4. Nf3 Nxe4 5. d4 d5 6. Bd3 Be7 7. 0-0 Nc6 8. c4 Nb4 9. Be2 0-0 10. Nc3 Bf5 11. a3 Nxc3 12. bxc3 Nc6 13. cxd5 Qxd5 14. Bf4 Rac8 15. Re1 Rfd8 16. Qa4 Bd6 17. Bg5 Re8 18. Bc4 Qa5 19. Qb3 Rxe1+ 20. Rxe1 Qxa3 21. Qxb7 Bd7 22. Qb1 Re8 23. Rxe8+ Bxe8 24. Qe4 Bd7 25. Bd2 Qa1+ 26. Be1 Qc1 27. Bb5 Qh6 28. c4 Qe6 29. Qb1 Qe7 30. c5 Bf4 31. g3 Bh6 32. d5 Nd8 33. Bxd7 Qxd7 34. Qe4 g6 35. c6 Qd6 36. Bb4 Qd7 1-0

[Event "San Cristobal de La Laguna op 2nd"]
[Site "San Cristobal de la Laguna"]
[Date "2019.09.07"]
[Round "8"]
[White "Strikovic, Aleksa"]
[Black "Lopez Mijail, Nicolas"]
[Result "1/2-1/2"]
[WhiteElo "2444"]
[BlackElo "2043"]
[PlyCount "175"]
[EventDate "2019.08.31"]
[EventType "swiss"]
[EventRounds "9"]
[EventCountry "ESP"]
[SourceTitle "EXT 2020"]
[Source "ChessBase"]
[SourceDate "2019.10.17"]
[SourceVersion "1"]
[SourceVersionDate "2019.10.17"]
[SourceQuality "1"]

1. c4 e5 2. Nc3 Nf6 3. g3 d5 4. cxd5 Nxd5 5. Bg2 Nb6 6. Nf3 Nc6 7. d3 Be7 8. 0-0 0-0 9. a3 Be6 10. b4 a5 11. b5 Nd4 12. Nd2 c6 13. bxc6 Nxc6 14. Rb1 a4 15. Bxc6 bxc6 16. Qc2 f5 17. Nf3 Bf6 18. Be3 Bb3 19. Rxb3 axb3 20. Qxb3+ Nd5 21. Bc5 e4 22. dxe4 fxe4 23. Nxe4 Be7 24. Rc1 Kh8 25. Ne5 Bxc5 26. Nxc5 Qg5 27. Ned3 Rfb8 28. Qa2 Nb4 29. Qc4 Nxd3 30. Nxd3 Rxa3 31. Qxc6 Raa8 32. h4 Qg4 33. Ne5 Qxe2 34. Qd5 Qa2 35. Rc4 Qb1+ 36. Kg2 Qb7 37. Rc8+ Qxc8 38. Nf7+ Kg8 39. Nd6+ Kh8 40. Nxc8 Rxc8 41. h5 Rf8 42. h6 gxh6 43. f4 Ra6 44. Qd4+ Raf6 45. Kh3 Kg8 46. Qd5+ Kg7 47. Qe5 Kg8 48. Kg4 R8f7 49. Kf3 Rf8 50. Qd5+ Kg7 51. Kg4 R8f7 52. Qd4 Kg8 53. Kh4 Rf8 54. Kg4 R8f7 55. Kf3 Rf8 56. Qd7 R8f7 57. Qg4+ Rg6 58. Qc8+ Kg7 59. Qc3+ Kg8 60. Qc4 Rgf6 61. Kg4 Kg7 62. Kh4 Kg8 63. Qc8+ Kg7 64. Qe8 Rf8 65. Qe5 Kg8 66. Qc3 R8f7 67. Qb3 Kg7 68. Qd1 Rg6 69. Qd4+ Rgf6 70. g4 Kg8 71. f5 Kg7 72. Kh5 Kg8 73. Qe5 Kg7 74. Qe3 Kg8 75. Kh4 Kg7 76. Kg3 Kg8 77. Kf3 Kg7 78. Qf4 Kg8 79. Ke4 Kg7 80. Ke5 Re7+ 81. Kd5 Rd7+ 82. Kc5 Rdf7 83. Kd4 Rd7+ 84. Ke3 Re7+ 85. Kf3 Ref7 86. Qd2 Kg8 87. Kg3 Kg7 88. Qd4 1/2-1/2

[Event "San Cristobal de La Laguna op 2nd"]
[Site "San Cristobal de la Laguna"]
[Date "2019.09.06"]
[Round "7"]
[White "Lopez Mijail, Nicolas"]
[Black "Thiel, Thomas"]
[Result "1-0"]
[WhiteElo "2043"]
[BlackElo "2245"]
[PlyCount "111"]
[EventDate "2019.08.31"]
[EventType "swiss"]
[EventRounds "9"]
[EventCountry "ESP"]
[SourceTitle "EXT 2020"]
[Source "ChessBase"]
[SourceDate "2019.10.17"]
[SourceVersion "1"]
[SourceVersionDate "2019.10.17"]
[SourceQuality "1"]

1. e4 e5 2. Nf3 Nc6 3. Bb5 g6 4. c3 a6 5. Ba4 Bg7 6. 0-0 d6 7. d4 exd4 8. cxd4 b5 9. Bb3 Nf6 10. e5 dxe5 11. dxe5 Qxd1 12. Rxd1 Ng4 13. Bf4 Be6 14. Re1 Nb4 15. Re2 Nd3 16. Bg3 Nc1 17. Rc2 Nxb3 18. axb3 0-0 19. h3 Nh6 20. b4 Nf5 21. Rxc7 Bd5 22. Nbd2 Rfd8 23. Bf4 Bf8 24. Ng5 Nd4 25. Be3 Bxb4 26. Nde4 Bxe4 27. Nxe4 Ne6 28. Nf6+ Kg7 29. Rb7 Bd2 30. Bb6 Rdc8 31. Ne4 Rc2 32. Rd1 Bf4 33. g3 Bxe5 34. Rdd7 Rf8 35. b4 Kg8 36. Nc5 Ng5 37. Kg2 h5 38. h4 Nh7 39. Nd3 Ba1 40. Bc5 Nf6 41. Re7 Ng4 42. Re1 Rd8 43. Nf4 Bd4 44. Bxd4 Rxd4 45. Re8+ Kg7 46. Ne6+ Kf6 47. Nxd4 Rxf2+ 48. Kg1 Rd2 49. Ne2 Ne5 50. Kf2 Rb2 51. Rb6+ Kf5 52. Rxa6 Ng4+ 53. Ke1 Rxb4 54. Rd6 Rb1+ 55. Kd2 Nf2 56. Rd4 1-0

[Event "San Cristobal de La Laguna op 2nd"]
[Site "San Cristobal de la Laguna"]
[Date "2019.09.04"]
[Round "5"]
[White "Lopez Mijail, Nicolas"]
[Black "Kosov, Alexey"]
[Result "1-0"]
[WhiteElo "2043"]
[BlackElo "2207"]
[PlyCount "45"]
[EventDate "2019.08.31"]
[EventType "swiss"]
[EventRounds "9"]
[EventCountry "ESP"]
[SourceTitle "EXT 2020"]
[Source "ChessBase"]
[SourceDate "2019.10.17"]
[SourceVersion "1"]
[SourceVersionDate "2019.10.17"]
[SourceQuality "1"]

1. e4 c5 2. Nf3 d6 3. d4 cxd4 4. Nxd4 Nf6 5. Nc3 Nc6 6. Bg5 h6 7. Bxf6 gxf6 8. Be2 Rg8 9. 0-0 Bh3 10. Bf3 Ne5 11. Kh1 Nxf3 12. gxh3 Nxd4 13. Qxd4 Qd7 14. Rg1 Rg5 15. Nd5 Qc6 16. h4 Rg6 17. h5 Rg5 18. f4 Rxg1+ 19. Rxg1 f5 20. Rg8 Kd7 21. exf5 e6 22. fxe6+ fxe6 23. Rxf8 1-0

[Event "Collado Villalba op-A 36th"]
[Site "Collado Villalba"]
[Date "2019.08.28"]
[Round "6"]
[White "Villacorta Nicolas, David"]
[Black "Lopez Mijail, Nicolas"]
[Result "1-0"]
[WhiteElo "2003"]
[BlackElo "2043"]
[PlyCount "135"]
[EventDate "2019.08.23"]
[EventType "swiss"]
[EventRounds "9"]
[EventCountry "ESP"]
[SourceTitle "CBM 192 Extra"]
[Source "Chessbase"]
[SourceDate "2019.11.06"]
[SourceVersion "1"]
[SourceVersionDate "2019.11.06"]
[SourceQuality "1"]

1. e4 c5 2. Nf3 e6 3. d4 cxd4 4. Nxd4 a6 5. c4 Nf6 6. Nc3 Bb4 7. Qd3 d6 8. f3 0-0 9. Be2 Qc7 10. a3 Bc5 11. Nb3 Ba7 12. Be3 Bxe3 13. Qxe3 b6 14. 0-0 Bb7 15. Rfd1 Rd8 16. e5 dxe5 17. Qxe5 Rxd1+ 18. Rxd1 Qe7 19. Qd6 Qxd6 20. Rxd6 Nbd7 21. Na4 b5 22. Nb6 Nxb6 23. Rxb6 bxc4 24. Rxb7 cxb3 25. Bxa6 Kf8 26. Bd3 Rd8 27. Rxb3 Nd7 28. Be2 Nc5 29. Rb5 Rd2 30. Rxc5 Rxe2 31. Rb5 Ke7 32. Rb7+ Kf6 33. b4 Ra2 34. Ra7 Rb2 35. Ra5 g6 36. h4 e5 37. b5 Ke6 38. a4 f5 39. Ra6+ Kd5 40. b6 e4 41. fxe4+ fxe4 42. a5 e3 43. Kf1 Ke4 44. Ra7 Rb1+ 45. Ke2 Rb2+ 46. Kd1 e2+ 47. Ke1 Kd3 48. Rd7+ Ke3 49. Re7+ Kd3 50. b7 Rb1+ 51. Kf2 e1Q+ 52. Rxe1 Rxb7 53. Ra1 Ke4 54. a6 Ra7 55. Ra5 Kf4 56. g3+ Ke4 57. Ke2 h6 58. Kf2 Rf7+ 59. Kg2 Ra7 60. Kh3 Kf3 61. Ra4 h5 62. Kh2 Kf2 63. Ra3 Kf1 64. Ra2 Ke1 65. Kg2 Kd1 66. Kf3 Kc1 67. Kf4 Kb1 68. Ra5 1-0

[Event "ESP-ch U18"]
[Site "Salobrena"]
[Date "2019.07.24"]
[Round "4"]
[White "Lopez Mijail, Nicolas"]
[Black "Benito Olmedo, Santiago"]
[Result "1-0"]
[WhiteElo "2034"]
[BlackElo "1775"]
[PlyCount "53"]
[EventDate "2019.07.22"]
[EventType "swiss"]
[EventRounds "9"]
[EventCountry "ESP"]
[SourceTitle "CBM 191 Extra"]
[Source "ChessBase"]
[SourceDate "2019.09.30"]
[SourceVersion "1"]
[SourceVersionDate "2019.09.30"]
[SourceQuality "1"]

1. e4 c5 2. Nf3 e6 3. d4 cxd4 4. Nxd4 a6 5. Bd3 Qc7 6. 0-0 Nf6 7. Qe2 d6 8. c4 Nbd7 9. f4 b6 10. Nc3 Bb7 11. Bd2 Be7 12. Rae1 0-0 13. e5 Ne8 14. Kh1 Nc5 15. Bc2 Rc8 16. Qh5 g6 17. Qh6 dxe5 18. fxe5 Nd7 19. Re3 f5 20. exf6 Rxf6 21. Rxf6 Ndxf6 22. Nxe6 Qxc4 23. Bd3 Qg4 24. Rg3 Qh5 25. Bxg6 hxg6 26. Rxg6+ Kf7 27. Ng5+ 1-0

[Event "Tres Cantos op 11th"]
[Site "Tres Cantos"]
[Date "2019.06.25"]
[Round "4"]
[White "Lopez Mijail, Nicolas"]
[Black "Longa Yauca, Javier"]
[Result "0-1"]
[WhiteElo "2030"]
[BlackElo "2261"]
[PlyCount "74"]
[EventDate "2019.06.22"]
[EventType "swiss"]
[EventRounds "9"]
[EventCountry "ESP"]
[SourceTitle "CBM 195 Extra"]
[Source "ChessBase"]
[SourceDate "2020.05.31"]
[SourceVersion "1"]
[SourceVersionDate "2020.05.31"]
[SourceQuality "1"]

1. e4 Nc6 2. Nf3 g6 3. d4 Bg7 4. d5 Ne5 5. Nxe5 Bxe5 6. Be2 d6 7. 0-0 c5 8. Kh1 Bg7 9. c4 Nf6 10. Nc3 0-0 11. Be3 a6 12. a4 e5 13. f4 exf4 14. Bxf4 Qe7 15. Bg5 h6 16. Bh4 Re8 17. Qc2 g5 18. Bg3 Ng4 19. Bxg4 Bxg4 20. e5 dxe5 21. Rae1 Bh5 22. Ne4 Bg6 23. Bf2 Rad8 24. a5 Qc7 25. b4 cxb4 26. Bb6 Qc8 27. Bxd8 Rxd8 28. Qf2 Qxc4 29. Nf6+ Bxf6 30. Qxf6 Qxd5 31. Rxe5 Qd3 32. Rfe1 Kh7 33. h4 Rd4 34. Re7 Rxh4+ 35. Kg1 Qd5 36. Rxb7 Qc5+ 37. Qf2 Rh1+ 0-1

[Event "Tres Cantos op 11th"]
[Site "Tres Cantos"]
[Date "2019.06.23"]
[Round "2"]
[White "Lopez Mijail, Nicolas"]
[Black "Martinez Fernandez, Raul"]
[Result "1-0"]
[WhiteElo "2030"]
[BlackElo "2218"]
[PlyCount "131"]
[EventDate "2019.06.22"]
[EventType "swiss"]
[EventRounds "9"]
[EventCountry "ESP"]
[SourceTitle "CBM 195 Extra"]
[Source "ChessBase"]
[SourceDate "2020.05.31"]
[SourceVersion "1"]
[SourceVersionDate "2020.05.31"]
[SourceQuality "1"]

1. e4 e5 2. Nf3 Nc6 3. Bb5 a6 4. Ba4 Nf6 5. 0-0 b5 6. Bb3 Bc5 7. c3 d6 8. a4 Rb8 9. d4 Bb6 10. axb5 axb5 11. Na3 Bg4 12. Nxb5 0-0 13. Bc2 Bxf3 14. gxf3 Nh5 15. Kh1 Qh4 16. Be3 Ne7 17. Rg1 Ng6 18. Na7 Qh3 19. Nc6 Rbe8 20. Bd3 Nh4 21. Be2 f5 22. dxe5 Bxe3 23. fxe3 fxe4 24. f4 Nf3 25. Bxf3 exf3 26. Qf1 Qd7 27. Qxf3 dxe5 28. Ra5 e4 29. Qxh5 Qxc6 30. Qd5+ Qxd5 31. Rxd5 Rd8 32. Rgd1 Rb8 33. b4 c6 34. Re5 Rfe8 35. Rxe8+ Rxe8 36. Rd6 Rc8 37. Re6 c5 38. b5 c4 39. Rxe4 Rb8 40. Re5 Rd8 41. b6 Rd1+ 42. Kg2 Rb1 43. Re6 Kf7 44. Rc6 Ke7 45. Kf3 Kd7 46. Rxc4 Rxb6 47. e4 Rh6 48. Rd4+ Ke7 49. Kg3 Rg6+ 50. Kf2 Rh6 51. Kg2 Rg6+ 52. Kh1 Ra6 53. Rd2 Rc6 54. Rd3 Kf6 55. Kg2 Ra6 56. Rd2 g5 57. Rd6+ Rxd6 58. e5+ Ke6 59. exd6 gxf4 60. Kf3 Kxd6 61. Kxf4 Kc5 62. Kg5 Kc4 63. Kh6 Kxc3 64. Kxh7 Kd4 65. h4 Ke5 66. Kg6 1-0

[Event "Alcorcon Spring op-A 1st"]
[Site "Alcorcon"]
[Date "2019.05.19"]
[Round "8"]
[White "Periotto Miori, Fabrizio Lautaro"]
[Black "Lopez Mijail, Nicolas"]
[Result "1-0"]
[WhiteElo "1634"]
[BlackElo "1950"]
[PlyCount "61"]
[EventDate "2019.03.24"]
[EventType "swiss"]
[EventRounds "9"]
[EventCountry "ESP"]
[SourceTitle "EXT 2020"]
[Source "ChessBase"]
[SourceDate "2019.10.17"]
[SourceVersion "1"]
[SourceVersionDate "2019.10.17"]
[SourceQuality "1"]

1. e4 g6 2. d4 Bg7 3. c4 e6 4. Nc3 Ne7 5. g3 d5 6. cxd5 exd5 7. e5 0-0 8. Bg2 Nbc6 9. Nf3 f6 10. 0-0 fxe5 11. Nxe5 Nxe5 12. dxe5 d4 13. Nb5 Bxe5 14. Re1 Bg7 15. Bf4 Rxf4 16. gxf4 c6 17. Qb3+ Kf8 18. Na3 Nf5 19. Nc4 Qf6 20. Ne5 a5 21. Re2 Nd6 22. Rae1 Bf5 23. Qa3 Kg8 24. Rd1 Bh6 25. Qb3+ Be6 26. Ng4 Bxb3 27. Nxf6+ Kf7 28. Rxd4 Bc4 29. Re1 Kxf6 30. Rxd6+ Kf5 31. Bh3+ 1-0

[Event "Alcorcon Spring op-A 1st"]
[Site "Alcorcon"]
[Date "2019.03.24"]
[Round "1"]
[White "Gonzalez Lopez, Sergio"]
[Black "Lopez Mijail, Nicolas"]
[Result "0-1"]
[WhiteElo "1762"]
[BlackElo "1950"]
[PlyCount "126"]
[EventDate "2019.03.24"]
[EventType "swiss"]
[EventRounds "9"]
[EventCountry "ESP"]
[SourceTitle "EXT 2020"]
[Source "ChessBase"]
[SourceDate "2019.10.17"]
[SourceVersion "1"]
[SourceVersionDate "2019.10.17"]
[SourceQuality "1"]

1. c4 e5 2. Nc3 Nf6 3. Nf3 Nc6 4. g3 d5 5. cxd5 Nxd5 6. d3 Be6 7. Bg2 Be7 8. 0-0 0-0 9. Re1 Kh8 10. Nxd5 Bxd5 11. e4 Be6 12. Be3 f5 13. d4 fxe4 14. Nxe5 Nxe5 15. dxe5 Bb4 16. Qxd8 Raxd8 17. Red1 Bf5 18. a3 Be7 19. Rac1 c5 20. h3 b6 21. Rd2 Kg8 22. Rcd1 Kf7 23. g4 Bg6 24. Bf1 Bh4 25. Rd7+ Rxd7 26. Rxd7+ Ke6 27. Rxa7 Kxe5 28. Rb7 Bd8 29. Rxg7 Kd6 30. Bc4 Kc6 31. a4 Bc7 32. Bb5+ Kb7 33. a5 bxa5 34. Bxc5 Rd8 35. Be3 Rd1+ 36. Kg2 Rb1 37. Bd4 Rc1 38. Bc3 Kb6 39. Bd7 e3 40. Bd4+ Ka6 41. fxe3 Be4+ 42. Kf2 Rc2+ 43. Ke1 Bf3 44. Bc8+ Kb5 45. Rxc7 Rxc7 46. Bf5 Bb7 47. e4 Bxe4 48. Kf2 Bxf5 49. gxf5 Rf7 50. f6 Kc4 51. Be5 Kd5 52. Bc3 a4 53. Kf3 Ke6 54. Ke4 Rc7 55. Kd3 Rc5 56. h4 Rh5 57. Be1 Kxf6 58. Kc4 Rf5 59. Kb4 Rf4+ 60. Ka3 Kg6 61. Bb4 Rxh4 62. Kxa4 h5 63. Kb3 Rxb4+ 0-1

[Event "Madrid Chamartin op 7th"]
[Site "Madrid"]
[Date "2018.09.08"]
[Round "8"]
[White "Lopez Mijail, Nicolas"]
[Black "Tolosana Esteban, Enrique"]
[Result "1-0"]
[WhiteElo "1916"]
[BlackElo "1590"]
[PlyCount "47"]
[EventDate "2018.09.03"]
[EventType "swiss"]
[EventRounds "9"]
[EventCountry "ESP"]
[SourceTitle "CBM 187 Extra"]
[Source "ChessBase"]
[SourceDate "2018.11.04"]
[SourceVersion "1"]
[SourceVersionDate "2018.11.04"]
[SourceQuality "1"]

1. e4 e5 2. Nf3 Nc6 3. Bb5 f5 4. Nc3 Nf6 5. exf5 e4 6. Ng5 d5 7. d3 Bxf5 8. dxe4 dxe4 9. Qe2 Bb4 10. Qc4 Nd5 11. Bxc6+ bxc6 12. Qxc6+ Ke7 13. Ngxe4 Bxe4 14. Bg5+ Nf6 15. Qxe4+ Kf7 16. Qxb4 Rb8 17. Qc4+ Kg6 18. Be3 Rxb2 19. Rd1 Qe7 20. 0-0 h5 21. Nd5 Qe5 22. Nxf6 gxf6 23. Bd4 Qe4 24. Qa6 1-0

[Event "Madrid Chamartin op 7th"]
[Site "Madrid"]
[Date "2018.09.06"]
[Round "5"]
[White "Khudov, Oleksandr"]
[Black "Lopez Mijail, Nicolas"]
[Result "1-0"]
[WhiteElo "2104"]
[BlackElo "1916"]
[PlyCount "109"]
[EventDate "2018.09.03"]
[EventType "swiss"]
[EventRounds "9"]
[EventCountry "ESP"]
[SourceTitle "CBM 187 Extra"]
[Source "ChessBase"]
[SourceDate "2018.11.04"]
[SourceVersion "1"]
[SourceVersionDate "2018.11.04"]
[SourceQuality "1"]

1. d4 Nf6 2. Bf4 d5 3. e3 c5 4. c3 Nc6 5. Nf3 Qb6 6. Qc2 Nh5 7. Bg5 h6 8. Bh4 g5 9. Bg3 Nxg3 10. hxg3 Bg7 11. Nbd2 0-0 12. Nxg5 f5 13. Ngf3 cxd4 14. exd4 Qc7 15. Qb3 Qd6 16. Be2 e5 17. dxe5 Nxe5 18. 0-0 Nc6 19. Rad1 Re8 20. Rfe1 Be6 21. Nf1 Qc5 22. Qb5 Qb6 23. Qxb6 axb6 24. a3 d4 25. cxd4 Bb3 26. Rd2 Red8 27. Ne3 Nxd4 28. Nxd4 Bxd4 29. Bc4+ Bxc4 30. Nxc4 Bf6 31. Red1 Rxd2 32. Rxd2 b5 33. Ne3 Rc8 34. Nxf5 Rc1+ 35. Kh2 Rb1 36. Nxh6+ Kh7 37. Nf5 Bxb2 38. Rd3 Bf6 39. Nd6 b4 40. axb4 Rxb4 41. Rd5 Rb1 42. Rb5 Rxb5 43. Nxb5 Kg6 44. f4 Bb2 45. g4 Bf6 46. Kg3 Be7 47. g5 Bd8 48. Kg4 Be7 49. f5+ Kf7 50. f6 Bc5 51. Kf5 Bf2 52. g6+ Kg8 53. g7 Kf7 54. Nd6+ Kg8 55. Kg6 1-0